00357nam a22001097a 4500082001000000100001800010245010600028260003600134300001900170650003700189700002100226 a621.3 aKhan, Natasha aImproved Image Compression with Comparative Analysis of Progressive Coding Techniques /cNatasha Khan aIslamabad :bMCS - NUST,c2018. a81 p. ;c30cm. aElectrical Engineering-MS-Thesis aDr. Imran Touqir